000
00238nam a22000977a 4500
999
_c
11521
_d
11521
008
190531b ||||| |||| 00| 0 eng d
020
_a
9780547055992
100
_a
Nowicki Stephen
_9
7233
245
_a
Biology
260
_a
USA
_b
Mcdougal littell